Capitales - Extrême - Statistiques

Statistiques générales
  • Ce quiz a été pris 32 fois
  • Le résultat moyen est 31 sur 42
Statistiques - réponses
Pays Capitale % Correct
Guinée Conakry
96%
Sierra Leone Freetown
92%
Togo Lomé
92%
Haïti Port-au-Prince
92%
Bolivie (constitutionnelle) Sucre
92%
République Centrafricaine Bangui
88%
Guinée Équatoriale Ciudad de la Paz
88%
Bolivie (administrative) La Paz
88%
Afrique du Sud (législative) Le Cap
88%
Gambie Banjul
85%
Tanzanie Dodoma
85%
Zimbabwe Harare
85%
Rwanda Kigali
85%
Bahamas Nassau
85%
Soudan du Sud Djouba
81%
Ouganda Kampala
81%
Mozambique Maputo
81%
Comores Moroni
81%
Afrique du Sud (exécutive) Pretoria
81%
Érythrée Asmara
77%
Namibie Windhoek
77%
Brunei Bandar Seri Begawan
73%
Afrique du Sud (judiciaire) Bloemfontein
73%
Eswatini Mbabane
73%
Liberia Monrovia
73%
Bénin Porto-Novo
73%
Zambie Lusaka
69%
Fidji Suva
69%
Saint-Christophe- et-Niévès Basseterre
62%
Tuvalu Funafuti
62%
Burundi Gitega
62%
Tonga Nukuʻalofa
62%
Samoa Apia
58%
Îles Salomon Honiara
58%
Saint-Vincent-et- les-Grenadines Kingstown
58%
Grenade Saint George's
58%
Palaos Ngerulmud
54%
Îles Marshall Majuro
50%
Vanuatu Port-Vila
50%
Kiribati Tarawa-Sud
50%
États Fédérés de Micronésie Palikir
46%
Nauru Yaren
46%
Aucun quiz correspondant
Distribution des résultats
% des personnes avec chaque résultat
Percentile par nombre de réponses
Votre historique - résultats
Vous n’avez pas pris ce quiz